000 005950000a22001810004500
003 MACL
005 20160113143255.0
008 160113b xxu||||| |||| 00| 0 eng d
040 _aMACL
_cMACL
041 _aHindi
082 _a001
100 _aइॉ. शर्मा एवं सिंह
_931849
245 _aएस. एस. सी. संयूक्‍त स्‍नातक स्‍तरीय परीक्षा
260 _aआगरा
_bउपकार प्रकाशन
_c2014
350 _a485
650 _aएस. एस. सी
_931572
942 _cHIN
_k001
_2ddc
999 _c49118
_d49118